000 00274nam a22001217a 4500
082 _a001
_bTHO/P
100 _aTHULASI
245 _aPCM SCHOLARSHIP EXAMINATION
260 _aKOCHI
_bCLASSROOM DIGEST
_c2006
300 _a112
650 _aGENERAL KNOWLEDGE
_zINDIA
942 _cBK
999 _c6608
_d6608